| 000 | 00398cam a2200169ua 4500 | ||
|---|---|---|---|
| 001 | 6079 | ||
| 008 | 131204n II |||gr||||Z||||||asm | ||
| 040 | _aMAIN | ||
| 041 | _aEnglish | ||
| 082 | _a891.451 KAT | ||
| 100 | _aKATOKY , PRAFULLA . | ||
| 245 | _aKRAMABIKASHAT ASOMIYA KATHASHAILI | ||
| 260 |
_aGUWAHATI _bMANI MANIK PRAKASH |
||
| 300 | _c20CM. | ||
| 653 | _aAsomiya Sahitya | ||
| 942 | _cBK | ||
| 999 |
_c6064 _d6064 |
||